00271nam a2200097Ia 4500008004100000100003200041245003200073260004200105260000900147999001700156170620s9999 xx 000 0 und d aLakshmi- Gadde Bhuvaneswara 0aMethods of Teaching Biology bNew Delhi- Discovery Publishing House c2007 c24431d24431